[Event "1st Goa GM Open 2018"]
[Site "Taleigao"]
[Date "2018.10.18"]
[Round "8"]
[White "Kadam Om Manish"]
[Black "Rajdeep Sarkar"]
[Result "0-1"]
[WhiteElo "2082"]
[BlackElo "2355"]
[Annotator "TA"]
[PlyCount "108"]
[EventDate "2018.10.13"]
[EventType "swiss"]
[EventCountry "IND"]
[SourceTitle "playchess.com"]
[Source "ChessBase"]
[SourceQuality "1"]

{[%evp 9,107,54,49,2,7,17,48,39,38,13,10,2,17,0,2,13,16,1,25,25,26,0,11,0,16,-8,22,23,47,35,41,40,37,0,0,0,0,-100,-100,-96,-96,-102,-92,-119,-84,-99,-66,-110,-105,-169,-159,-175,-173,-209,-193,-205,-216,-224,-218,-220,-208,-213,-196,-502,-495,-744,-743,-638,-419,-620,-629,-619,-619,-604,-633,-631,-606,-602,-580,-652,-606,-668,-637,-1264,-1246,-1631,-1539,-4922,-4222,-29993,-29987,-29987,-29988,-29994,-29995,-29998,-29995,-29995,-29996,-29999]} 1. e4 e5 2. Nf3 Nc6 3. Bc4 g6 4. d3 (4. d4 exd4 5. c3 d3 6. O-O d6 7. Qb3 Qd7 8. Ng5 Nh6 9. Bxd3 Bg7 10. f4 O-O 11. Na3 Ng4 12. Bd2 b6 {½-½ (54) Van Kampen,R (2643)-Granda Zuniga,J (2662) Linares 2017}) 4... Bg7 5. Ng5 Nh6 {LiveBook: 5 Games} 6. Nc3 {C50: Hungarian Defence and Giuoco Pianissimo} f6 7. Nf3 d6 8. a3 {White is slightly better.} Nf7 9. O-O $146 ({Predecessor:} 9. Be3 f5 10. exf5 Bxf5 11. O-O Qd7 {0-1 (40) Praggnanandhaa,R (2077)-Rajdeep,S (2233) Jammu 2015}) 9... O-O 10. Be3 Kh8 11. Qd2 f5 {Hoping for ...f4.} 12. Ng5 Nxg5 13. Bxg5 Qe8 14. Nd5 Rf7 15. exf5 Bxf5 16. Rae1 Qd7 17. c3 Raf8 18. Nb4 Be6 19. Bxe6 Qxe6 20. Nxc6 bxc6 21. Bh6 Bxh6 22. Qxh6 Rf4 23. Qh3 (23. d4 $11 {keeps the balance.}) 23... Qxh3 $17 24. gxh3 {[%mdl 4096] Endgame KRR-KRR} Kg7 25. Kg2 R8f5 26. Re3 Kh6 27. b3 Rf8 28. Re4 Rf3 29. Rh4+ (29. d4 $17) 29... Kg7 $19 30. Ra4 Rxd3 31. Rxa7 Rf7 ({Don't play} 31... Rxc3 32. Rxc7+ Rf7 33. Rxf7+ Kxf7 34. Rb1 $17) 32. Rc1 {[#]} Rd2 $1 33. Rf1 e4 34. Kg1 {[#]} Rc2 $1 35. c4 d5 {Threatens to win with ...d4.} 36. cxd5 $2 (36. Ra4 {was the crucial defense.}) 36... cxd5 37. b4 (37. Rd1 $142 Rf5 38. b4) 37... d4 38. Ra5 Rd7 39. Rc5 (39. Re5 $142 d3 40. Rd1) 39... Rxc5 40. bxc5 {KR-KR} Kf6 41. Ra1 Ke5 42. a4 c6 {[%cal Bc7c6,Bc6c5,Bc5c4][%mdl 32]} 43. Kf1 Kd5 44. Ke2 Kxc5 45. Rc1+ Kd5 46. f3 {White hopes to continue with fxe4+.} e3 47. h4 c5 48. Kd3 Rb7 {( -> ...Rb2)} 49. a5 c4+ {Black mates.} 50. Ke2 Rb2+ 51. Kd1 d3 52. a6 e2+ 53. Ke1 d2+ 54. Kxe2 dxc1=Q# {Precision: White = 23%, Black = 76%.} 0-1

[Event "1st Goa GM Open 2018"]
[Site "Taleigao"]
[Date "2018.10.18"]
[Round "8"]
[White "Kadam Om Manish"]
[Black "Rajdeep Sarkar"]
[Result "*"]
[WhiteElo "2082"]
[BlackElo "2355"]
[Annotator "TA"]
[PlyCount "22"]
[EventDate "2018.10.13"]
[EventType "swiss"]
[EventCountry "IND"]
[SourceTitle "playchess.com"]
[Source "ChessBase"]
[SourceQuality "1"]

{[%evp 9,11,49,48,14]} 1. e4 e5 2. Nf3 Nc6 3. Bc4 g6 4. d3 (4. d4 exd4 5. c3 d3 6. O-O d6 7. Qb3 Qd7 8. Ng5 Nh6 9. Bxd3 Bg7 10. f4 O-O 11. Na3 Ng4 12. Bd2 b6 {½-½ (54) Van Kampen,R (2643)-Granda Zuniga,J (2662) Linares 2017}) 4... Bg7 5. Ng5 Nh6 {LiveBook: 5 Games} 6. Nc3 {C50: Hungarian Defence and Giuoco Pianissimo} {Predecessor:} Na5 $146 7. h3 Nxc4 8. dxc4 f6 9. Nf3 Nf7 10. Qd3 d6 11. Be3 Be6 {0-1 (36) Aghabekian,L (2115)-Matnadze,A (2438) Benidorm 2011} *

[Event "1st Goa GM Open 2018"]
[Site "Taleigao"]
[Date "2018.10.18"]
[Round "8"]
[White "Kavinda, Akila"]
[Black "Kathmale, Sameer"]
[Result "1/2-1/2"]
[WhiteElo "2025"]
[BlackElo "2343"]
[Annotator "TA"]
[PlyCount "146"]
[EventDate "2018.10.13"]
[EventType "swiss"]
[EventCountry "IND"]
[SourceTitle "playchess.com"]
[Source "ChessBase"]
[SourceQuality "1"]

{[%evp 22,146,20,20,21,22,35,22,36,24,25,25,35,22,35,29,49,35,35,38,42,40,67,-51,32,0,0,0,0,0,0,0,6,10,11,0,0,0,9,9,9,9,10,11,12,16,19,0,0,0,0,0,0,0,0,0,0,0,0,0,27,27,172,166,150,128,125,105,106,106,158,117,185,176,239,207,206,212,206,192,187,67,134,64,227,227,210,210,206,204,197,195,204,204,204,204,235,184,191,204,183,8,8,8,183,8,175,127,159,159,173,158,158,158,158,158,158,158,235,158,283,235,235,210,235,235,235]} 1. d4 d5 2. Nf3 Nf6 3. c4 c6 4. e3 Bf5 5. Nc3 e6 6. Nh4 Be4 7. f3 Bg6 8. Qb3 Qc7 9. Bd2 {D12: Slav Defence: 3 Nf3 Nf6 4 e3 Bf5} Be7 10. Rc1 (10. O-O-O dxc4 11. Bxc4 a6 12. Be2 Nbd7 13. Nxg6 hxg6 14. Kb1 c5 15. d5 exd5 16. Nxd5 Nxd5 17. Qxd5 {0-1 (31) Karjakin,S (2773)-Caruana,F (2822) Saint Louis 2018}) 10... Ne4 11. Nxe4 Bxh4+ 12. Nf2 {LiveBook: 4 Games} dxc4 13. Bxc4 O-O {[#]} 14. g3 $146 ({Predecessor:} 14. O-O Nd7 15. e4 Rac8 16. Be3 Qb8 {1-0 (28) Tran,T (2514)-Nguyen,H (2405) Ho Chi Minh City 2018}) 14... Be7 15. Nd3 Bxd3 16. Bxd3 Nd7 17. Kf2 Rad8 18. Qc2 h6 19. Be2 Qb6 20. b4 Rfe8 (20... Bxb4 $2 21. Rb1 $18) 21. Rhd1 e5 (21... Bxb4 $2 22. Rb1 $18) 22. Bc3 ({White should play} 22. dxe5 $1 $14 Nxe5 23. Qb3) 22... Bf6 ({Better is} 22... Bg5 $1 $15 23. f4 exf4 24. exf4 Be7) 23. Bc4 exd4 24. Bxd4 Bxd4 25. Rxd4 Ne5 26. Rcd1 a5 27. bxa5 Qxa5 28. Bb3 Rxd4 29. exd4 Nd7 30. d5 cxd5 31. Bxd5 Nf6 32. Bb3 h5 33. Qc4 Re7 34. Qc8+ Kh7 35. Qd8 Qe5 36. Qd2 g6 37. Re1 Qc5+ 38. Kg2 Rd7 39. Qe3 Qf5 40. Re2 h4 41. g4 $36 {[%mdl 2048] White has the initiative.} Nxg4 (41... Qb5 $11) 42. fxg4 $18 Qxg4+ 43. Kf2 Rd4 44. Ke1 Rf4 45. Kd2 h3 (45... b6 $142) 46. Kc2 b5 (46... Rf3 $16 47. Qe5 Rf5) 47. Kb2 b4 (47... Rf3 $142 48. Qd2 Qf5) 48. Rf2 Rxf2+ 49. Qxf2 Qg2 50. Qc2 f5 51. Ba4 (51. Bc4 $1 $18) 51... f4 (51... Qf3 $1 $14) 52. Kb3 ({White should try} 52. Bb5 $16) 52... f3 $2 (52... Qd5+ $14 53. Kxb4 Qd4+ 54. Ka3 Qd6+ 55. Kb3 Qb6+ 56. Kc4 Qe6+ 57. Kb5 Qe5+ 58. Kc6 f3) 53. Qc7+ (53. Kxb4 $6 Qg4+ 54. Ka5 Qf4) 53... Kh6 54. Qf4+ (54. Kxb4 Qd2+ 55. Qc3 Qxh2 $11) 54... Kg7 55. Bc6 (55. Qxb4 Qxh2 56. Qb7+ Kh6 $14) (55. Kxb4 Qxa2 56. Qd4+ Kh7 $14) 55... Qf1 {intending ...Qb1+.} 56. Bxf3 Qb1+ 57. Kc4 Qxa2+ 58. Kxb4 Qf7 59. Qg3 Qe7+ 60. Kc4 Qe6+ 61. Kd4 $2 (61. Bd5 $18 Qa6+ 62. Kc5 Qa5+ 63. Kd6 Qd8+ 64. Kc5 Qa5+ 65. Kd6 Qd8+ 66. Kc6 Qa8+ 67. Kd6 Qd8+) 61... Qb6+ $11 62. Ke4 {next Qe5+ is good for White.} Qb4+ $2 {[#]} (62... Qb1+ $1 $11 {and Black is okay.} 63. Kd4 Qb6+ 64. Kd3 Qa6+ 65. Kd2 Qa5+ 66. Kd1 Qa4+ 67. Ke1 Qa1+ 68. Bd1 Qa5+ 69. Kf1 (69. Ke2 Qb5+ 70. Ke1 Qa5+ 71. Kf2 Qc5+ 72. Qe3 Qd6 $14) 69... Qb5+ 70. Be2 Qb1+ 71. Kf2 Qb6+ 72. Qe3 (72. Ke1 Qa5+ 73. Kd1 Qa1+ 74. Kc2 Qa2+ 75. Kd1 Qa1+ 76. Kd2 Qb2+ 77. Ke3 Qb6+ 78. Kf3 Qc6+ 79. Kf4 Qf6+ 80. Ke3 Qe6+ 81. Kd2 Qa2+ 82. Ke3 Qe6+ 83. Kd2 Qa2+ 84. Ke3 Qe6+ $11) 72... Qxe3+ 73. Kxe3 Kh8) 63. Ke3 $1 $18 {aiming for Qe5+.} Qc3+ $2 (63... Qb6+ $1 $11 64. Ke4 Qb4+ 65. Kd3 Qb1+ 66. Kd4 Qa1+ 67. Kc5 Qc3+ 68. Kb5 Qd3+ 69. Kc5 Qe3+ 70. Kc4 Qc1+ 71. Kb5 Qb2+ 72. Ka6 Qf6+ 73. Kb5 Qb2+ 74. Kc6 Qf6+ 75. Kd5 Qf5+ 76. Kc4 Qc2+ 77. Kd5 Qf5+ 78. Kd4 Qf6+ 79. Kd5 Qf5+) 64. Kf2 Qd4+ 65. Kf1 Qd3+ {[#]} 66. Be2 $1 {[%cal Re2d3]} Qf5+ 67. Ke1 Qb1+ 68. Kf2 Qf5+ 69. Qf3 Kh6 (69... Qe5 $16) 70. Kg3 {Black must now prevent Qc3.} Qe6 (70... Qg5+ $16 71. Qg4 (71. Kf2 Qg2+ 72. Qxg2 hxg2 $11) 71... Qe3+ 72. Bf3 Qg5 73. Kxh3 Qf5) 71. Qf8+ Kh7 {White is clearly better.} 72. Bf3 {Strongly threatening Qc5.} Qe5+ 73. Kxh3 {Qb4 is the strong threat.} Qf5+ {Precision: White = 58%, Black = 33%.} 1/2-1/2

[Event "1st Goa GM Open 2018"]
[Site "Taleigao"]
[Date "2018.10.18"]
[Round "8"]
[White "Kavinda, Akila"]
[Black "Kathmale, Sameer"]
[Result "*"]
[WhiteElo "2025"]
[BlackElo "2343"]
[Annotator "TA"]
[PlyCount "33"]
[EventDate "2018.10.13"]
[EventType "swiss"]
[EventCountry "IND"]
[SourceTitle "playchess.com"]
[Source "ChessBase"]
[SourceQuality "1"]

{[%evp 17,18,18,22]} 1. d4 d5 2. Nf3 Nf6 3. c4 c6 4. e3 Bf5 5. Nc3 e6 6. Nh4 Be4 7. f3 Bg6 8. Qb3 Qc7 9. Bd2 {D12: Slav Defence: 3 Nf3 Nf6 4 e3 Bf5} Be7 {LiveBook: 621 Games} {Predecessor:} 10. O-O-O $146 dxc4 11. Bxc4 a6 12. Be2 Nbd7 13. Nxg6 hxg6 14. Kb1 c5 15. d5 exd5 16. Nxd5 Nxd5 17. Qxd5 {0-1 (31) Karjakin,S (2773)-Caruana,F (2822) Saint Louis 2018} *

[Event "1st Goa GM Open 2018"]
[Site "Taleigao"]
[Date "2018.10.18"]
[Round "8"]
[White "Prajesh R"]
[Black "Malakhatko, Vadim"]
[Result "0-1"]
[WhiteElo "1953"]
[BlackElo "2552"]
[Annotator "TA"]
[PlyCount "64"]
[EventDate "2018.10.13"]
[EventType "swiss"]
[EventCountry "IND"]
[SourceTitle "playchess.com"]
[Source "ChessBase"]
[SourceQuality "1"]

{[%evp 11,64,45,68,-52,-26,-29,-14,-29,-18,-16,7,-7,6,-8,13,0,0,0,29,25,20,21,27,0,37,21,98,0,6,0,22,-2,7,-20,0,0,0,-20,-22,-32,0,0,0,-42,-43,-103,-25,-14,0,-201,-221,-1462,-1439,-2017,-1957]} 1. d4 e6 2. c4 b6 3. e4 Bb7 4. f3 f5 5. Nc3 Bb4 6. exf5 Nh6 7. Be3 {A40: Unusual replies to 1 d4} (7. fxe6 $1 $14 Nf5 8. Bd3 Qh4+ 9. Kf1 Nxd4 10. Nd5) (7. fxe6 Nf5 8. Bf4 dxe6 9. Qa4+ Nc6 10. O-O-O Bxc3 11. bxc3 O-O 12. Nh3 Na5 13. Bd3 c5 14. dxc5 Qf6 15. Qc2 Rac8 16. g4 {1-0 (25) Inarkiev,E (2660)-Morozevich,A (2711) Poikovsky 2015 CBM 169 [Schulz,André]}) 7... Bxc3+ ({Much weaker is} 7... exf5 $6 8. Qd2 $14) 8. bxc3 Nxf5 9. Bf2 {The position is equal.} Qf6 10. Qd2 Nc6 $146 ({Predecessor:} 10... O-O 11. Bd3 c5 12. Ne2 Nh4 13. Bxh4 Qxh4+ 14. Ng3 cxd4 15. cxd4 {½-½ (30) Agababean,N (2205)-Grabuzova,T (2380) Timisoara 1994}) 11. Nh3 Na5 12. c5 h6 13. Be2 O-O 14. O-O d6 15. Bd3 Rad8 16. Qe2 Rfe8 17. Rfe1 Bc6 18. Rac1 Bd7 (18... dxc5 $11 {keeps the balance.} 19. dxc5 e5) 19. Qb2 (19. cxd6 $16 cxd6 20. g4) 19... dxc5 $11 20. dxc5 e5 21. cxb6 cxb6 22. Bb5 Nd6 23. Bxd7 Rxd7 {[%cal Bd8d7,Bd7d2,Bd2a2][%mdl 32]} 24. Qb4 Ndc4 $36 {[%mdl 2048] Black fights for an advantage.} 25. Re4 Rc8 26. Bg3 Rd2 27. Nf2 Rxa2 28. Qb5 (28. Rce1 $15) 28... Rc5 (28... Qf7 $17 {White must now prevent ...Rc5.} 29. Rd1 Nb7) 29. Qe8+ Kh7 30. Nd3 $2 (30. Qd7 $11 {and White stays safe.}) 30... Nd6 $1 $19 {[%csl LRe4,LRe8]} 31. Bxe5 $2 (31. Qa8 Rc8 32. Qd5) 31... Qg5 {[%csl Ga2][%cal Rg5g2] [#]} (31... Nxe8 $2 32. Bxf6 Nxf6 33. Nxc5 $17) 32. Rg4 Qe3+ {Precision: White = 24%, Black = 27%.} 0-1

[Event "1st Goa GM Open 2018"]
[Site "Taleigao"]
[Date "2018.10.18"]
[Round "8"]
[White "Prajesh R"]
[Black "Malakhatko, Vadim"]
[Result "*"]
[WhiteElo "1953"]
[BlackElo "2552"]
[Annotator "TA"]
[PlyCount "26"]
[EventDate "2018.10.13"]
[EventType "swiss"]
[EventCountry "IND"]
[SourceTitle "playchess.com"]
[Source "ChessBase"]
[SourceQuality "1"]

{[%evp 8,8,36]} 1. d4 e6 2. c4 b6 3. e4 Bb7 4. f3 f5 {Predecessor:} 5. exf5 $146 Nh6 6. fxe6 Nf5 7. exd7+ Nxd7 8. Ne2 Bd6 9. Nbc3 O-O 10. Qd3 Qh4+ 11. Kd1 Bc5 12. Kc2 Nxd4+ 13. Nxd4 Bxd4 {0-1 (24) Roselli Mailhe,B (2433)-Cordova,E (2621) Montevideo 2018} *

[Event "1st Goa GM Open 2018"]
[Site "Taleigao"]
[Date "2018.10.19"]
[Round "9"]
[White "Kravtsiv, Martyn"]
[Black "Abhishek, Kelkar"]
[Result "1-0"]
[WhiteElo "2654"]
[BlackElo "2359"]
[Annotator "TA"]
[PlyCount "51"]
[EventDate "2018.10.13"]
[EventType "swiss"]
[EventCountry "IND"]
[SourceTitle "playchess.com"]
[Source "ChessBase"]
[SourceQuality "1"]

{[%evp 20,51,46,14,107,75,90,65,73,64,86,65,111,94,123,127,295,252,291,299,284,266,278,258,250,258,247,197,192,186,742,726,1397,832]} 1. e4 {[%cal Be2e4,Be4e5][%mdl 32]} Nf6 {[%cal Bg8f6,Bf6d5,Bd5b6][%mdl 32]} 2. e5 Nd5 3. d4 d6 4. c4 Nb6 5. exd6 exd6 6. Nc3 Be7 7. Nf3 O-O 8. Bd3 {B03: Alekhine's Defence: Four Pawns Attack} (8. h3 Bf6 9. Be2 Re8 10. O-O Nc6 11. b3 Bf5 12. Be3 Qd7 13. Rc1 h6 14. d5 Ne5 15. Nd4 Bh7 16. Re1 g5 17. Qd2 Bg7 18. f4 gxf4 19. Bxf4 Qf5 20. Nxf5 {1-0 (20) Borisek,J (2576)-Hjartarson,J (2536) chess.com INT 2018}) 8... Nc6 9. O-O Bg4 10. h3 Bh5 11. Be3 {LiveBook: 8 Games} Bg6 (11... d5 $11 {keeps the balance.}) 12. d5 $146 {[#] Hoping for Bxg6.} ({Predecessor:} 12. Rc1 Qd7 13. d5 Nb4 14. Bxg6 hxg6 15. b3 Rfe8 16. Qd2 Bf6 17. Bd4 Qf5 {0-1 (49) Berend,F (2170)-Kertesz,A (2370) Luxembourg 1987}) 12... Nb8 13. a3 Bf6 14. Rc1 a5 15. c5 (15. Bxg6 {is more complex.} hxg6 16. Bxb6 cxb6 17. Re1 Na6 18. Qd2) 15... dxc5 16. Bxc5 Bxc3 17. Bxg6 Bxb2 $2 {[#]} (17... hxg6 $16 {was necessary.} 18. Rxc3 Re8) 18. Bxh7+ $1 $18 {[%mdl 512]} Kxh7 19. Qc2+ Kg8 20. Qxb2 Re8 21. d6 Na4 22. Qxb7 Na6 23. Be3 cxd6 24. Rfd1 Re6 $2 (24... Qe7 25. Qxe7 Rxe7 26. Rxd6 Nc7) 25. Ng5 Rf6 26. Qe4 {Precision: White = 44%, Black = 25%.} 1-0

[Event "1st Goa GM Open 2018"]
[Site "Taleigao"]
[Date "2018.10.19"]
[Round "9"]
[White "Popov, Ivan"]
[Black "Siva Mahadevan"]
[Result "1-0"]
[WhiteElo "2611"]
[BlackElo "2341"]
[Annotator "TA"]
[PlyCount "85"]
[EventDate "2018.10.13"]
[EventType "swiss"]
[EventCountry "IND"]
[SourceTitle "playchess.com"]
[Source "ChessBase"]
[SourceQuality "1"]

{[%evp 22,85,63,48,68,60,49,0,91,41,52,32,59,44,67,47,70,79,53,46,111,71,81,72,94,97,109,100,150,128,128,132,164,113,336,351,362,331,336,329,319,317,511,511,510,508,502,472,1663,1457,5952,5510,29978,6095,5439,-55,5193,5106,2179,1520,1220,1106,1375,1287,29985,748]} 1. e4 c5 2. Nf3 d6 3. d4 cxd4 4. Nxd4 Nf6 5. Nc3 a6 6. h3 e6 7. g4 h6 8. Bg2 g5 9. Qd2 {B81: Sicilian Scheveningen: Keres Attack} (9. Be3 Nbd7 10. Qe2 Ne5 11. O-O-O Nfd7 12. h4 Rg8 13. hxg5 hxg5 14. Kb1 b5 15. f4 gxf4 16. Bxf4 Bb7 {½-½ (56) Karjakin,S (2773)-Mamedyarov,S (2801) Saint Louis 2018}) 9... Nbd7 10. b3 Ne5 11. Bb2 Bd7 12. O-O-O {LiveBook: 4 Games} Ng6 $146 ({Predecessor:} 12... Qc7 13. Kb1 Ng6 14. Nde2 Be7 15. f4 gxf4 16. Nxf4 Ne5 {½-½ (26) Oparin,G (2609)-Jumabayev,R (2610) Barcelona 2017}) 13. Nce2 Be7 14. Kb1 Rg8 (14... Nh4 $11 {keeps the balance.} 15. Rh2 Nxg2 16. Rxg2 Nxe4) 15. Qe3 Qa5 16. Nf3 {[%cal Bd4f3,Bf3d2,Bd2c4][%mdl 32]} Bc6 17. Nd2 Ne5 18. Nd4 Nfd7 19. Nxc6 bxc6 20. Bf1 Qc7 ({Better is} 20... Qc5 $14) 21. Nc4 a5 22. a4 Rb8 23. Nxe5 Nxe5 24. f4 gxf4 25. Qxf4 Rg6 26. Be2 Rb4 {[#]} 27. h4 $1 Qb8 $2 {[#]} (27... Qb6 $16 {keeps fighting.}) 28. g5 $1 $18 {[%mdl 512]} hxg5 29. hxg5 Bxg5 30. Rh8+ Ke7 31. Qh2 ({Weaker is} 31. Rxb8 Bxf4 32. Ba3 Rxe4 $11) 31... Qc7 $2 (31... Qb6 {was necessary.} 32. Bh5 (32. Bxe5 dxe5 33. Bh5 Bf4 $11) 32... Bf6) 32. Bh5 Rg7 {[#]} 33. Rxd6 $1 {[%mdl 512]} Qxd6 34. Bxe5 Rxb3+ (34... Qd2 $142) 35. cxb3 Qd3+ 36. Ka2 f6 {[#]} 37. Bd6+ $1 {[%mdl 512]} Qxd6 38. Re8+ Kd7 {[#]} 39. Rd8+ $1 {[%mdl 512]} Kxd8 40. Qxd6+ Rd7 41. Qxc6 Rd2+ 42. Kb1 Rh2 43. Qd6+ {Precision: White = 68%, Black = 33%.} 1-0

[Event "1st Goa GM Open 2018"]
[Site "Taleigao"]
[Date "2018.10.19"]
[Round "9"]
[White "Idani, Pouya"]
[Black "Babujian, Levon"]
[Result "1/2-1/2"]
[WhiteElo "2588"]
[BlackElo "2456"]
[Annotator "TA"]
[PlyCount "215"]
[EventDate "2018.10.13"]
[EventType "swiss"]
[EventCountry "IND"]
[SourceTitle "playchess.com"]
[Source "ChessBase"]
[SourceQuality "1"]

{[%evp 13,215,25,17,8,24,1,24,17,21,-9,1,-35,21,-56,-74,-72,-32,-58,-40,-41,-39,-40,-45,-59,-48,-40,-14,-21,-20,-42,0,0,9,0,0,0,0,-20,-18,-28,-23,-45,0,0,-15,-18,18,0,0,0,18,19,15,21,85,91,91,97,684,684,684,332,281,23,34,26,131,0,131,131,212,209,283,240,329,248,827,80,80,80,165,100,157,80,84,39,39,39,39,0,0,0,80,80,80,80,80,73,80,80,80,80,80,80,80,80,80,80,80,80,80,80,80,80,80,80,80,80,80,80,80,80,80,80,80,69,69,69,69,69,69,0,0,0,69,0,0,0,0,0,0,0,69,69,69,69,69,69,69,69,69,69,69,69,69,69,69,69,69,69,69,69,69,69,69,69,69,69,69,69,69,69,69,69,69,69,69,69,69,0,0,0,0,0,0,0,0,0,0,0,0,0,0,0,0,0,0,0,0,0,0,0,0,0]} 1. Nf3 d5 2. d4 e6 3. c4 Nf6 4. g3 Be7 5. Bg2 O-O 6. Qc2 Nc6 7. O-O {E06: Katalanisch} Nb4 {LiveBook: 16 Partien} (7... Ne4 8. Nc3 f5 9. Bf4 g5 10. Be3 Bf6 11. Rad1 Kh8 12. Ne5 Ne7 13. f4 gxf4 14. Bxf4 Ng6 15. Nxg6+ hxg6 16. cxd5 exd5 17. Nxe4 dxe4 18. Bxc7 {1-0 (40) Caruana,F (2716)-Radulski,J (2586) Spoleto 2011}) 8. Qd1 dxc4 9. Na3 {Weiß hat minimalen Vorteil.} c5 (9... b5 $5) 10. Nxc4 b5 11. Na3 $146 ({Vorgänger:} 11. Nfe5 Nfd5 12. a3 bxc4 13. axb4 cxd4 14. Nxc4 Bf6 {1-0 (22) Gleizerov,E (2405)-Tsesarsky,I Kursk 1987}) 11... Ba6 12. Bd2 c4 (12... Qb6 $15) 13. Nc2 (13. Ne5 $11) 13... Nxc2 $15 14. Qxc2 Rc8 15. Bg5 h6 16. Bxf6 $1 Bxf6 17. Rfd1 Qb6 18. e3 Rc7 19. Nd2 Rfc8 20. Ne4 Be7 21. d5 exd5 ({Günstiger ist} 21... Bb7 $15) 22. Nc3 $11 Bb7 23. Bxd5 Bf8 24. a3 a5 25. Bxb7 Rxb7 26. Qf5 Qc6 27. Rac1 b4 (27... g6 $5 {[%cal Rg6f5]} 28. Qg4 Re8 $11) 28. axb4 axb4 29. Nd5 Rb5 30. e4 c3 31. bxc3 $1 b3 32. Rb1 Ra8 33. Qf3 Ra2 (33... Rbb8 $11 {bleibt in der Remisbreite.}) 34. Nb4 $16 Bxb4 35. cxb4 Rxb4 $2 {[%mdl 8192]} (35... b2 $16) 36. Rd8+ $18 Kh7 37. Qxf7 Rb6 38. Qf5+ $2 ({Weniger gut wäre} 38. Rxb3 Ra1+ 39. Kg2 Qxe4+ 40. Qf3 Qxf3+ 41. Rxf3 g5 $16) (38. Qg8+ $18 Kg6 39. Rxb3 Ra1+ 40. Kg2 Qxe4+ 41. Kh3) 38... Qg6 $11 {Weiss muss nun ...Dxf5 beachten.} 39. Qd5 $40 {[%csl Gd8][%cal Rd5g8][%mdl 128] Schwarz muss sich nun genau verteidigen.} Qf6 (39... Qe6 $11) 40. Qg8+ $16 Kg6 41. Rf8 Qe7 (41... Qe6 $16 {war angesagt.}) 42. Rf4 $18 Qd7 43. Kg2 Ra3 44. h3 h5 $2 (44... Ra5 45. Rg4+ Rg5 46. Rxg5+ hxg5 47. Rxb3 Rf6) 45. Rf3 $2 (45. Rf5 $18 {und der Rest ist Schweigen.} Ra2 46. h4 Rxf2+ 47. Rxf2) 45... Qe6 $16 46. Qd8 Rd6 (46... Ra7 $16) 47. Qf8 $18 {Und Tf7! würde nun gewinnen.} Kh7 {[#]} (47... Rda6 $142) 48. Re1 (48. Rb2 $142 $1) 48... Raa6 {Mit der Idee ...b2.} 49. Rf5 Qg6 50. Rb1 Rab6 51. Qc8 {Droht stark Dc5.} Rf6 52. Qc4 {Droht Txf6 und aus.} Rxf5 (52... b2 $11 {hält das Gleichgewicht.} 53. Re5 Rf8) 53. exf5 $16 Qxf5 54. Rxb3 Rxb3 55. Qxb3 $11 {[%mdl 4096] Endspiel KD-KD} g6 56. Qb7+ Kg8 57. h4 Qe5 58. Qb3+ Kg7 59. Qc4 Qd6 60. Kf3 Qd1+ 61. Ke3 {Und weiter mit Dd4+ wäre nett.} Qe1+ {[#]} 62. Qe2 $1 {[%cal Re2e1]} Qc3+ 63. Qd3 Qe5+ 64. Kf3 Qf6+ 65. Ke2 Qe5+ 66. Qe3 Qb5+ 67. Kf3 Qf5+ 68. Kg2 Qd5+ 69. f3 (69. Qf3 {with more complications.} Qd6 70. Qb7+ Kg8 71. Qb3+ Kf8 72. Kg1) 69... Qa2+ 70. Qf2 Qd5 71. Qb2+ Kh7 72. Qc3 ({Lieber} 72. Qb6 $14) 72... Qa2+ 73. Kf1 Qb1+ (73... Qa6+ $1 $11 74. Kg1 Qa7+ 75. Kf1 Qa6+ 76. Kf2 Qa2+ 77. Kf1 Qa6+) 74. Kf2 ({Besser ist} 74. Ke2 $14) 74... Qa2+ 75. Ke3 Qe6+ 76. Kf2 Qa2+ 77. Kf1 (77. Ke1 $11) 77... Qb1+ $14 78. Qe1 Qd3+ 79. Kf2 Qd4+ 80. Qe3 Qb2+ 81. Qe2 Qd4+ 82. Kg2 Qd6 83. Qe3 Qb4 84. Qc1 Qd6 85. Qc3 Qb6 86. Qe5 Qc6 87. Qe7+ Kg8 88. Qe4 Qd6 89. Qe3 Qd5 90. Qe2 Qc6 91. Qd3 Kh7 92. Qe4 Qd7 93. Qb4 Qc6 94. Kf2 Qc7 95. Qd4 Qe7 96. f4 (96. Qc3 $14) 96... Qe6 $11 {Die Stellung ist ausgeglichen.} 97. Qa7+ Kg8 98. Qb8+ Kh7 99. Qe5 Qd7 100. Ke3 Qf7 101. Ke4 Qc4+ 102. Qd4 Qe6+ 103. Kf3 Qb3+ 104. Qe3 Qd5+ 105. Qe4 Qd1+ 106. Kg2 Qd2+ 107. Kf1 Qd1+ 108. Kf2 {Precision: Weiß = 55%, Schwarz = 61%.} 1/2-1/2

[Event "1st Goa GM Open 2018"]
[Site "Taleigao"]
[Date "2018.10.19"]
[Round "9"]
[White "Tukhaev, Adam"]
[Black "Rathanvel, V S"]
[Result "1-0"]
[WhiteElo "2556"]
[BlackElo "2341"]
[Annotator "TA"]
[PlyCount "69"]
[EventDate "2018.10.13"]
[EventType "swiss"]
[EventCountry "IND"]
[SourceTitle "playchess.com"]
[Source "ChessBase"]
[SourceQuality "1"]

{[%evp 15,69,26,64,42,59,47,61,41,61,66,64,72,64,71,59,70,69,68,65,60,185,184,199,199,201,199,186,173,821,227,169,163,147,112,154,146,433,451,447,456,1046,1020,1224,1239,1222,1183,1166,1089,29988,29989,29989,29990,29990,29981,29960,11539]} 1. e4 c5 2. Nf3 d6 3. d4 cxd4 4. Nxd4 Nf6 5. Nc3 a6 6. h3 e6 7. g4 h6 8. Bg2 g5 9. b3 {B81: Sicilian Scheveningen: Keres Attack} Nbd7 10. Bb2 Ne5 11. Qd2 {White is slightly better.} b5 (11... Be7 12. O-O-O Bd7 13. Nce2 b5 14. f4 gxf4 15. Nxf4 a5 16. Rhe1 {0-1 (37) Grischuk,A (2766)-Duda,J (2737) chess.com INT 2018}) 12. O-O-O Bb7 13. Nce2 $146 ({Predecessor:} 13. f4 gxf4 14. Qxf4 Nfd7 15. Kb1 Qc7 16. Rhf1 O-O-O {½-½ (29) Predojevic,B (2624)-Volokitin,A (2661) Vrnjacka Banja 2010}) 13... Rg8 14. f4 gxf4 15. Nxf4 (15. Qxf4 Nfxg4 16. Rhg1 (16. hxg4 Rxg4 17. Qe3 Rxg2 $17) 16... Be7 $11) 15... Be7 16. Kb1 Qb6 ({Don't blunder} 16... Nxe4 $2 17. Qe3 $18) 17. Rhf1 Nxe4 (17... O-O-O $14) 18. Qe1 $18 Nc5 19. Bxb7 Qxb7 {[#]} 20. Ndxe6 $1 {[%mdl 512]} fxe6 (20... Nxe6 21. Nxe6) 21. Bxe5 {aiming for Bd4.} Kd7 $2 {[#]} (21... O-O-O) 22. Nh5 $2 (22. Nxe6 $1 {[%mdl 512]} Nxe6 {[#]} 23. Bxd6 $1 {[%mdl 512]}) 22... Rgf8 23. Bg7 $36 {[%mdl 2048] White has strong initiative.} Rf3 24. Bxh6 Rc8 25. Bg7 Rxh3 $2 {[%mdl 8192]} (25... Rc7 $16 26. Nf6+ Bxf6 27. Bxf6 Rxf1 28. Qxf1 Ne4) 26. Rf7 Ke8 27. Qf1 {And now Bf8 would win.} Rh2 (27... Rh1 $142) 28. Bf8 Rc7 29. Bxe7 Rxe7 30. Rf8+ Kd7 31. Qf4 {[%csl Gd1][%cal Rf4d6]} Ne4 32. Nf6+ {White mates.} Kc7 33. Nxe4 {[%csl Gd1,Ge4][%cal Rf4d6]} e5 34. Qxh2 Qxe4 35. Qf2 {Precision: White = 79%, Black = 40%.} 1-0